MARC

LEADER 00000nam0a2200000 4500
001 153055
005 20231031151231.0
035 |a (RuTPU)RU\TPU\book\166017 
090 |a 153055 
100 |a 20090209d1978 m y0rusy50 ca 
101 0 |a rus 
102 |a RU 
105 |a y z 000ay 
200 1 |a Друг другу вслед  |e роман  |f Э. Г. Шабаев 
210 |a Москва  |c Современник  |d 1978 
215 |a 349 с. 
225 1 |a Новинки "Современника" 
610 1 |a советская литература 
610 1 |a романы 
610 1 |a Гражданская война 1918-1921 
610 1 |a сибиряки 
675 |a Р2  |v 3 
700 1 |a Шабаев  |b Э. Г.  |g Эрик Георгиевич 
801 1 |a RU  |b 63413507  |c 20090209  |g PSBO 
942 |c BK